The happy day / (Record no. 104979)
[ view plain ]
| 000 -LEADER | |
|---|---|
| fixed length control field | 00681nam a2200193 a 4500 |
| 005 - DATE AND TIME OF LATEST TRANSACTION | |
| control field | 20140412111333.0 |
| 008 - FIXED-LENGTH DATA ELEMENTS--GENERAL INFORMATION | |
| fixed length control field | 050418s19uu xx 00 eng d |
| 020 ## - INTERNATIONAL STANDARD BOOK NUMBER | |
| International Standard Book Number | 0-06-023397-4 |
| 050 ## - LIBRARY OF CONGRESS CALL NUMBER | |
| Classification number | BB |
| Item number | Ha211 1949 |
| 100 ## - MAIN ENTRY--PERSONAL NAME | |
| Personal name | Krauss, Ruth |
| 245 ## - TITLE STATEMENT | |
| Title | The happy day / |
| Statement of responsibility, etc | by Ruth Krauss ; pictures by Marc Simont. |
| 260 ## - PUBLICATION, DISTRIBUTION, ETC. (IMPRINT) | |
| Place of publication, distribution, etc | New York : |
| Name of publisher, distributor, etc | HarperCollins. |
| 300 ## - PHYSICAL DESCRIPTION | |
| Extent | 1 v. (unp.) ; ill. |
| 500 ## - GENERAL NOTE | |
| General note | A Caldecott Honor book |
| 520 ## - SUMMARY, ETC. | |
| Summary, etc | Snow is falling. All the animals are fast asleep in their animals homes. They awake. They open their eyes. They sniff. They run. What will they find? |
| 650 ## - SUBJECT ADDED ENTRY--TOPICAL TERM | |
| Topical term or geographic name as entry element | Animals |
| General subdivision | Fiction |
| 650 ## - SUBJECT ADDED ENTRY--TOPICAL TERM | |
| Topical term or geographic name as entry element | Children stories |
| Withdrawn status | Lost status | Damaged status | Home library | Current library | Shelving location | Date acquired | Source of acquisition | Total Checkouts | Full call number | Barcode | Date last seen | Price effective from | Koha item type |
|---|---|---|---|---|---|---|---|---|---|---|---|---|---|
| Elizalde Library | Elizalde Library | Big Books Section | 04/18/2005 | BB Ha211 1949 | E9183 | 04/12/2014 | 04/12/2014 | Books |